000 00395nam a2200157 i 4500
001 bg
100 1 _aBENTKOWSKA, Halina
245 0 _aChemia budowla /
_cHalina Bentkowska, Kazimierz Grzędzicki.
260 _aGdańsk,
_c1976.
700 1 _aGRZĘDZICKI, Kazimierz
040 _cBPK
041 _apol
080 _a691:54](075.8)
942 _cKS
008 s pl f |000 0 pol
999 _c17223
_d17223
856 _uhttp://koha.tu.koszalin.pl/cgi-bin/koha/opac-detail.pl?biblionumber=17223
_yKatalog online BPK